LEADER 01000nam a2200241 4500 001 000000367197 003 CaOOAMICUS 005 20260416125357.0 008 260413s200u it 000 u ita r 040 $aSeMil$bita 100 1 $aPupillo Kluzer, Giovanna.$0(OLS)http://semarc/name/124100 245 13$aLa rosa di Martina /$cGiovanna Pupillo Kluzer, Riccardo Caniato. 264 1$a[S.l. :$bs.n.,$c200?] 300 $a87 p. ;$c21 cm 650 4$aFede - Testimonianze.$0(OLS)http://semarc/subject/49483 700 1 $aCaniato, Riccardo,$d<1967- >.$0(OLS)http://semarc/name/46356 850 $aSeMil 852 $aSeMil$W1$xVenegono$y1$m3J I 444$j270296$B257922$CSeMilBibl$Z2$F257922 $81 941 1 $a7 961 $aOmaggio mons. Mario Delpini. ? Con dedica autografa dei Genitori (Giovanna e Claudio) a mons. Delpini 996 $6245$aLa rosa di Martina$9(OLS)http://semarc/title/459084 996 $6264$a[S.l. :$bs.n.$9(OLS)http://semarc/publisher/31686